000 00309nam a22001337a 4500
008 170829b xxu||||| |||| 00| 0 eng d
020 _a2900073385029
041 _aeng
080 _27 ED
_a070
100 _a39
101 _aMED
245 _aCOMMUNICATION COMUNICATION THEORY
_cGRIFFIN.E
942 _2udc
_cBK
999 _c25242
_d25242